[Event "Plzen, JF A"]
[Site "?"]
[Date "1999.??.??"]
[Round "3.6"]
[White "Vagner, T."]
[Black "Blecha, M."]
[Result "1/2-1/2"]
[WhiteElo "1858"]
[BlackElo "2194"]
[PlyCount "57"]
[EventDate "1999.??.??"]
[Source "ChessBase"]
[SourceDate "1996.11.15"]

1. e4 c5 2. Nf3 Nc6 3. Bb5 Nf6 4. Nc3 Nd4 5. d3 Nxb5 6. Nxb5 d5 7. O-O a6 8.
Nc3 d4 9. Ne2 Bg4 10. c3 dxc3 11. bxc3 c4 12. Ne5 cxd3 13. Nxg4 Nxg4 14. Ng3
Ne5 15. a4 g6 16. f4 Nc4 17. a5 Nxa5 18. Rf3 Qb6+ 19. Be3 Qb5 20. Bd4 f6 21.
Rb1 Qc4 22. Rxd3 b5 23. e5 f5 24. Nxf5 e6 25. Ne3 Qc6 26. Ng4 Be7 27. Nf6+ Kf7
28. Rh3 h5 29. g4 1/2-1/2

[Event "Plzen, JF A"]
[Site "?"]
[Date "1999.??.??"]
[Round "3.7"]
[White "Buldrova, M."]
[Black "Herskovic, R."]
[Result "1/2-1/2"]
[WhiteElo "2129"]
[BlackElo "1944"]
[PlyCount "83"]
[EventDate "1999.??.??"]
[Source "ChessBase"]
[SourceDate "1996.11.15"]

1. e4 Nf6 2. e5 Nd5 3. d4 d6 4. Nf3 Bg4 5. Be2 e6 6. c4 Nb6 7. h3 Bh5 8. Nc3
Be7 9. O-O O-O 10. Be3 d5 11. c5 Bxf3 12. gxf3 Nc8 13. f4 Nc6 14. Bd3 f5 15.
Kh2 b6 16. Bb5 Nxd4 17. Bxd4 bxc5 18. Be3 d4 19. Bc4 dxe3 20. Bxe6+ Kh8 21.
fxe3 Rb8 22. b3 Qe8 23. Qc2 Qg6 24. Bc4 Nb6 25. Rg1 Qh5 26. Qg2 g6 27. Be6 Rbd8
28. Rad1 Bh4 29. Rxd8 Rxd8 30. Nd5 Nxd5 31. Bxd5 Qh6 32. Bc4 Qg7 33. Qc6 Rd2+
34. Rg2 Qd7 35. Qxd7 Rxd7 36. Rc2 Be7 37. Kg2 Kg7 38. Kf3 Rd1 39. Be2 Rd8 40.
Bc4 Kf8 41. Ke2 Kg7 42. Be6 1/2-1/2

[Event "Plzen, JF A"]
[Site "?"]
[Date "1999.??.??"]
[Round "3.8"]
[White "Hejkrlik, F."]
[Black "Bernasek, J."]
[Result "0-1"]
[WhiteElo "2003"]
[BlackElo "2080"]
[PlyCount "122"]
[EventDate "1999.??.??"]
[Source "ChessBase"]
[SourceDate "1996.11.15"]

1. e4 c5 2. Nc3 e6 3. g3 Nc6 4. Bg2 Nf6 5. Nf3 d6 6. O-O e5 7. d3 Bg4 8. h3 Bh5
9. Ne2 Qd7 10. Nh4 O-O-O 11. c3 d5 12. Bg5 Ne7 13. f3 h6 14. Bxf6 gxf6 15. g4
Bg6 16. Ng3 h5 17. Nhf5 h4 18. Nxe7+ Qxe7 19. Nf5 Bxf5 20. exf5 Bh6 21. Qe2
Rhe8 22. Kh1 Bf4 23. Rab1 Qc7 24. Rfd1 Kb8 25. b3 Qa5 26. Qb2 Rd6 27. b4 cxb4
28. Qxb4 Qxb4 29. Rxb4 Rc8 30. Rdb1 b6 31. c4 dxc4 32. dxc4 Rd2 33. a4 Ra2 34.
Bf1 Be3 35. R1b2 Rxb2 36. Rxb2 Rd8 37. a5 Kc7 38. axb6+ Bxb6 39. Be2 Kc6 40.
Kg2 a5 41. Kf1 Bc5 42. Ra2 Bb4 43. Kf2 Kc5 44. Ke3 Bc3 45. Bd3 Kb4 46. c5 Kb3
47. Bb1 a4 48. Rg2 Bd4+ 49. Ke4 Bxc5 50. Ba2+ Kc3 51. f4 Rd4+ 52. Kf3 Rxf4+ 53.
Ke2 Rd4 54. Kf3 Rd2 55. Rxd2 Kxd2 56. Ke4 Be3 57. Kf3 a3 58. Bxf7 Bg5 59. Bb3
Kc3 60. Be6 Kb2 61. Ke2 a2 0-1

[Event "Plzen, JF A"]
[Site "?"]
[Date "1999.??.??"]
[Round "3.9"]
[White "Pirklova, H."]
[Black "Hampek, M."]
[Result "1/2-1/2"]
[WhiteElo "2067"]
[BlackElo "1820"]
[PlyCount "34"]
[EventDate "1999.??.??"]
[Source "ChessBase"]
[SourceDate "1996.11.15"]

1. e4 c5 2. Nf3 e6 3. d4 cxd4 4. Nxd4 Nc6 5. Be3 a6 6. a4 Qc7 7. Bd3 Nf6 8. Nc3
Bb4 9. O-O O-O 10. Nb3 b6 11. f4 Bb7 12. e5 Bxc3 13. bxc3 Nd5 14. Bd2 d6 15.
exd6 Qxd6 16. Rf3 Nce7 17. Rh3 Ng6 1/2-1/2

[Event "Plzen, JF A"]
[Site "?"]
[Date "1999.??.??"]
[Round "3.10"]
[White "Pribyl, J."]
[Black "Flaisigova, P."]
[Result "1/2-1/2"]
[WhiteElo "1914"]
[BlackElo "2006"]
[PlyCount "80"]
[EventDate "1999.??.??"]
[Source "ChessBase"]
[SourceDate "1996.11.15"]

1. e4 c5 2. Nf3 Nc6 3. d4 cxd4 4. Nxd4 Nf6 5. Nc3 e5 6. Ndb5 d6 7. Nd5 Nxd5 8.
exd5 Nb8 9. c4 Be7 10. Be2 a6 11. Na3 O-O 12. O-O f5 13. f4 Bf6 14. Rb1 Nd7 15.
b4 exf4 16. Bxf4 Be5 17. Nc2 b5 18. Kh1 Bb7 19. Nd4 Qe7 20. Nc6 Qf6 21. Na5
Rab8 22. cxb5 Bxf4 23. Rxf4 Qe5 24. Rd4 axb5 25. Bxb5 Nf6 26. Bc6 Bc8 27. Nc4
Qe7 28. b5 Ne4 29. Qe1 Qa7 30. b6 Qxa2 31. b7 Bxb7 32. Bxb7 Rf7 33. Rb2 Qa7 34.
Rxe4 fxe4 35. Bc6 Rxb2 36. Nxb2 Qa2 37. Nd1 Qc4 38. Nf2 Qc2 39. Nh3 Qd3 40. Nf2
Qc2 1/2-1/2

[Event "Plzen, JF A"]
[Site "?"]
[Date "1999.??.??"]
[Round "3.11"]
[White "Rerabkova, L."]
[Black "Houska, J."]
[Result "0-1"]
[WhiteElo "1791"]
[BlackElo "1805"]
[PlyCount "120"]
[EventDate "1999.??.??"]
[Source "ChessBase"]
[SourceDate "1996.11.15"]

1. e4 e5 2. Nf3 Nc6 3. Bb5 a6 4. Ba4 Nf6 5. d4 Nxe4 6. Qe2 Nf6 7. dxe5 Nd5 8.
O-O Be7 9. Bd2 O-O 10. Nc3 Nb6 11. Bb3 Na5 12. Rfe1 Nxb3 13. axb3 d5 14. exd6
Bxd6 15. Ne4 Bg4 16. Nxd6 Qxd6 17. Bc3 f6 18. Rad1 Qc6 19. Rd3 Rfe8 20. Qd2
Bxf3 21. Rxf3 Rxe1+ 22. Qxe1 Re8 23. Qd2 Nd5 24. h3 Qe6 25. Rg3 Nxc3 26. Rxc3
Qe1+ 27. Qxe1 Rxe1+ 28. Kh2 c6 29. g3 Rb1 30. Rd3 Rxb2 31. Rd8+ Kf7 32. Rd7+
Kg6 33. Rxb7 Rxc2 34. Kg2 c5 35. Ra7 Rb2 36. Rb7 c4 37. b4 c3 38. Rc7 Rxb4 39.
Rxc3 Rb7 40. Ra3 Ra7 41. Ra5 Kf7 42. Kf3 Ke6 43. Ke3 Kd6 44. Kd4 Kc6 45. Kc4
Kb6 46. Kb4 Ra8 47. h4 Ra7 48. Rd5 a5+ 49. Ka4 Kc6 50. Rd8 Kc5 51. Rd2 g6 52.
Rd8 f5 53. Rd2 Kc4 54. Rd8 Kc3 55. Rd1 Re7 56. f3 Re3 57. Rf1 Kd2 58. Kxa5 Ke2
59. Rc1 Rxf3 60. Rc7 h5 0-1

[Event "Plzen, JF A"]
[Site "?"]
[Date "1999.??.??"]
[Round "3.12"]
[White "Decka, E."]
[Black "Belan, V."]
[Result "1-0"]
[WhiteElo "2083"]
[BlackElo "1780"]
[PlyCount "47"]
[EventDate "1999.??.??"]
[Source "ChessBase"]
[SourceDate "1996.11.15"]

1. e4 c5 2. Nf3 d6 3. d4 cxd4 4. Nxd4 Nf6 5. Nc3 a6 6. Bc4 e6 7. Bb3 Be7 8. Be3
b5 9. Qe2 b4 10. Na4 Bb7 11. f3 Qc7 12. g4 h6 13. O-O-O d5 14. exd5 Nxd5 15.
Bxd5 Bxd5 16. Nf5 Bc4 17. Qd2 exf5 18. Nb6 f4 19. Nxa8 Qc6 20. Bxf4 Qxa8 21.
Qd4 Qc6 22. Qxg7 Rf8 23. Bxb8 Bg5+ 24. f4 1-0

[Event "Plzen, JF A"]
[Site "?"]
[Date "1999.??.??"]
[Round "3.13"]
[White "Sedlacek, J."]
[Black "Soukup, J."]
[Result "1-0"]
[WhiteElo "1687"]
[BlackElo "2084"]
[PlyCount "119"]
[EventDate "1999.??.??"]
[Source "ChessBase"]
[SourceDate "1996.11.15"]

1. c4 e5 2. Nc3 Nf6 3. Nf3 Nc6 4. g3 d5 5. cxd5 Nxd5 6. Bg2 Be6 7. O-O Nb6 8.
a3 Be7 9. d3 O-O 10. Be3 f5 11. Rc1 Qd7 12. b4 Bf6 13. Bg5 Qf7 14. Bxf6 gxf6
15. Qc2 Rad8 16. Nb5 a6 17. Nc3 Ne7 18. b5 axb5 19. Nxb5 c6 20. Nc3 Ned5 21.
Nxd5 Nxd5 22. Rb1 f4 23. Nd2 Kh8 24. Ne4 Rg8 25. Qc5 Rd7 26. Qc1 Rc7 27. Nc5
Bc8 28. Ne4 Qg7 29. Nd6 fxg3 30. fxg3 Nf4 31. Rf2 Bh3 32. Be4 Bg4 33. Nf5 Bxf5
34. Bxf5 Qg5 35. e4 Qh5 36. Qf1 Rcg7 37. Rf3 Qh6 38. Rb2 Rd8 39. Rb3 Rd6 40.
Bc8 Rd8 41. Bf5 Rdg8 42. Rb2 Nh5 43. Rg2 Ra8 44. Ra2 b5 45. Qa1 c5 46. Qb1 b4
47. axb4 Rxa2 48. Qxa2 Qc1+ 49. Kf2 cxb4 50. Be6 Qc5+ 51. Re3 Ra7 52. Qc4 Qf8
53. Re2 Ng7 54. Bd5 Ra1 55. Rc2 h6 56. Kg2 Kh7 57. Rf2 Ra7 58. Qc6 Kg6 59. h3
Ne8 60. Qc8 1-0

[Event "Plzen, JF A"]
[Site "?"]
[Date "1999.??.??"]
[Round "4.1"]
[White "Petek, P."]
[Black "Kaderka, R."]
[Result "1-0"]
[WhiteElo "1898"]
[BlackElo "2160"]
[PlyCount "55"]
[EventDate "1999.??.??"]
[Source "ChessBase"]
[SourceDate "1996.11.15"]

1. c4 Nf6 2. Nc3 g6 3. g3 Bg7 4. Bg2 O-O 5. Nf3 d6 6. O-O c6 7. d3 e5 8. Rb1
Nbd7 9. b4 Re8 10. Nd2 Nf8 11. b5 Qc7 12. Ba3 Ne6 13. bxc6 bxc6 14. Nb5 cxb5
15. Bxa8 Ng5 16. Bg2 Bh6 17. Rxb5 a6 18. Rb3 Nh3+ 19. Kh1 Qa5 20. e3 Bg4 21.
Qc1 e4 22. Nxe4 Nh5 23. Bb2 f5 24. Nf6+ Nxf6 25. Bxf6 Nxf2+ 26. Rxf2 Bxe3 27.
Qc3 Qc5 28. Qe1 1-0

[Event "Plzen, JF A"]
[Site "?"]
[Date "1999.??.??"]
[Round "4.2"]
[White "Konigova, P."]
[Black "Hodova, L."]
[Result "1/2-1/2"]
[WhiteElo "2061"]
[BlackElo "1852"]
[PlyCount "47"]
[EventDate "1999.??.??"]
[Source "ChessBase"]
[SourceDate "1996.11.15"]

1. e4 e5 2. Nf3 Nc6 3. Bb5 a6 4. Ba4 Nf6 5. O-O Be7 6. Re1 b5 7. Bb3 O-O 8. h3
Bb7 9. d3 d6 10. a3 Nd4 11. Nxd4 exd4 12. Nd2 c5 13. Nf1 Re8 14. Ng3 d5 15. e5
Nd7 16. Nf5 Bf8 17. f4 g6 18. Ng3 Bg7 19. Nf1 Rc8 20. Nh2 c4 21. Ba2 Nc5 22.
Nf3 Ne6 23. Qe2 Qb6 24. b3 1/2-1/2

[Event "Plzen, JF A"]
[Site "?"]
[Date "1999.??.??"]
[Round "4.3"]
[White "Juptner, J."]
[Black "Balin, J."]
[Result "1-0"]
[WhiteElo "1967"]
[BlackElo "1895"]
[PlyCount "104"]
[EventDate "1999.??.??"]
[Source "ChessBase"]
[SourceDate "1996.11.15"]

1. d4 Nf6 2. c4 c5 3. d5 b5 4. cxb5 a6 5. b6 d6 6. Nc3 Qxb6 7. Nf3 g6 8. Nd2
Nbd7 9. e4 Bg7 10. a4 O-O 11. a5 Qc7 12. Nc4 Rb8 13. Bd3 e5 14. dxe6 fxe6 15.
Be2 Ne8 16. O-O Ne5 17. Nb6 Bb7 18. f4 Nc6 19. Bc4 Nd4 20. Qd3 Kh8 21. Ra3 Nf6
22. Bxa6 Nc2 23. Qxc2 Bxa6 24. Ne2 Qc6 25. Nd4 Qe8 26. Ne2 Qc6 27. Nd4 Qe8 28.
Ne2 Qc6 29. f5 Nxe4 30. fxe6 Bd4+ 31. Be3 Rxf1+ 32. Kxf1 Be5 33. Kg1 Re8 34.
Nd4 Rf8 35. Nf3 Qb5 36. Ra1 Qxb2 37. Qxb2 Bxb2 38. Rb1 Bc3 39. Nd5 Bc4 40. Nc7
Rc8 41. e7 Bf7 42. a6 Rxc7 43. Rb7 Rc6 44. a7 Ra6 45. Rb8+ Kg7 46. a8=Q Rxa8
47. Rxa8 Nf6 48. Rf8 Be8 49. Bg5 Bc6 50. Bxf6+ Bxf6 51. e8=Q Bxe8 52. Rxe8 d5
1-0

[Event "Plzen, JF A"]
[Site "?"]
[Date "1999.??.??"]
[Round "4.4"]
[White "Bernasek, J."]
[Black "Kolar, J."]
[Result "1-0"]
[WhiteElo "2080"]
[BlackElo "2029"]
[PlyCount "101"]
[EventDate "1999.??.??"]
[Source "ChessBase"]
[SourceDate "1996.11.15"]

1. e4 e5 2. Nf3 Nc6 3. Bc4 Be7 4. d4 exd4 5. Nxd4 Nf6 6. Nc3 O-O 7. f3 Bc5 8.
Be3 Nxd4 9. Bxd4 Bxd4 10. Qxd4 d6 11. O-O-O Qe8 12. g4 Be6 13. Be2 Qc6 14. f4
Qb6 15. Qd2 Bxg4 16. Rhg1 Bxe2 17. Qxe2 Rad8 18. Rg3 g6 19. h4 Qc5 20. Rg5 Qc6
21. h5 d5 22. hxg6 fxg6 23. exd5 Qd6 24. Rf1 Rde8 25. Qg2 Kh8 26. f5 gxf5 27.
Rgxf5 Qe7 28. Qg5 Qg7 29. Qd2 Nd7 30. Rxf8+ Rxf8 31. Re1 a6 32. Kb1 Nc5 33. a3
Qf6 34. Rh1 Qf2 35. Qh6 Qf7 36. Rg1 Qf6 37. Qh5 Qf7 38. Qe5+ Qf6 39. Qe2 Nd7
40. Ne4 Qe7 41. Qg4 Nf6 42. Nxf6 Qxf6 43. Qd7 Qf7 44. Qg4 Qf6 45. Ka2 Qf7 46.
Qd4+ Qf6 47. Qc4 Qf7 48. Qc3+ Qf6 49. Qxc7 b5 50. Rd1 Rf7 51. Qc5 1-0

[Event "Plzen, JF A"]
[Site "?"]
[Date "1999.??.??"]
[Round "4.5"]
[White "Blecha, M."]
[Black "Hampek, M."]
[Result "1-0"]
[WhiteElo "2194"]
[BlackElo "1820"]
[PlyCount "101"]
[EventDate "1999.??.??"]
[Source "ChessBase"]
[SourceDate "1996.11.15"]

1. e4 c5 2. Nf3 e6 3. d4 cxd4 4. Nxd4 Nc6 5. Nc3 a6 6. g3 Qc7 7. Bg2 Nf6 8. O-O
Be7 9. Be3 O-O 10. Kh1 d6 11. f4 Bd7 12. f5 Nxd4 13. Bxd4 exf5 14. exf5 Bc6 15.
Rf2 Bxg2+ 16. Rxg2 Qc6 17. Qd3 Rfe8 18. g4 h6 19. Rf1 Nd7 20. Qg3 Ne5 21. h4 f6
22. Rd1 Rad8 23. Ne2 Rd7 24. Bc3 b5 25. Nd4 Qb7 26. a3 Rc8 27. Bd2 Rc4 28. c3
Nf7 29. Bf4 Rc8 30. Ne6 Rc4 31. Re1 Rc8 32. g5 fxg5 33. hxg5 hxg5 34. Bxg5 Bxg5
35. Nxg5 Nxg5 36. Qxg5 Rf7 37. Rf1 Qd7 38. Qg6 Rc4 39. Kg1 Qa7+ 40. Rff2 Qd7
41. Rh2 Re4 42. Re2 Rxe2 43. Qh7+ Kf8 44. Qh8+ Ke7 45. Rxe2+ Kf6 46. Qh4+ g5
47. fxg6+ Kxg6 48. Rg2+ Kf5 49. Rf2+ Ke5 50. Qd4+ Ke6 51. Qe4# 1-0

[Event "Plzen, JF A"]
[Site "?"]
[Date "1999.??.??"]
[Round "4.6"]
[White "Cedikova, K."]
[Black "Vagner, T."]
[Result "1/2-1/2"]
[WhiteElo "2150"]
[BlackElo "1858"]
[PlyCount "81"]
[EventDate "1999.??.??"]
[Source "ChessBase"]
[SourceDate "1996.11.15"]

1. d4 f5 2. g3 Nf6 3. Bg2 g6 4. c4 e6 5. Nc3 d5 6. Nf3 Bg7 7. O-O c6 8. Bf4 O-O
9. Rc1 h6 10. h4 Ne4 11. Be5 Nd7 12. Bxg7 Kxg7 13. Nxe4 fxe4 14. Nh2 Qc7 15.
Ng4 h5 16. Ne3 Nf6 17. Qb3 Qd6 18. Qa3 Qxa3 19. bxa3 Bd7 20. f3 exf3 21. exf3
Rae8 22. f4 Rc8 23. c5 b5 24. Rb1 Rb8 25. Rf2 a5 26. Rfb2 Rb7 27. Bf3 Ng8 28.
Kg2 Nh6 29. Kf2 Nf5 30. Nxf5+ exf5 31. Re1 Re8 32. Rxe8 Bxe8 33. Re2 Kf7 34.
Rb2 a4 35. Ke3 Re7+ 36. Kd2 Ke6 37. Kc3 Kd7 38. Re2 Rxe2 39. Bxe2 Kc7 40. Kb4
Bd7 41. Bd1 1/2-1/2

[Event "Plzen, JF A"]
[Site "?"]
[Date "1999.??.??"]
[Round "4.7"]
[White "Balcar, M."]
[Black "Buldrova, M."]
[Result "0-1"]
[WhiteElo "1888"]
[BlackElo "2129"]
[PlyCount "52"]
[EventDate "1999.??.??"]
[Source "ChessBase"]
[SourceDate "1996.11.15"]

1. e4 e5 2. Nf3 d6 3. d4 exd4 4. Nxd4 g6 5. Be3 Bg7 6. Nc3 Nf6 7. f3 O-O 8. Qd2
Nc6 9. O-O-O a6 10. g4 Bd7 11. h4 Ne5 12. Be2 b5 13. h5 b4 14. Nd5 c5 15. Nb3
Bb5 16. hxg6 fxg6 17. Bxb5 axb5 18. Qh2 Nxf3 19. Nxf6+ Qxf6 20. e5 Qxe5 21.
Qxh7+ Kf7 22. Bd4 cxd4 23. Rhf1 Qe3+ 24. Kb1 Rh8 25. Rde1 Qxe1+ 26. Rxe1 Rxh7
0-1

[Event "Plzen, JF A"]
[Site "?"]
[Date "1999.??.??"]
[Round "4.8"]
[White "Herskovic, R."]
[Black "Balin, K."]
[Result "1/2-1/2"]
[WhiteElo "1944"]
[BlackElo "1958"]
[PlyCount "88"]
[EventDate "1999.??.??"]
[Source "ChessBase"]
[SourceDate "1996.11.15"]

1. e4 d5 2. exd5 Nf6 3. d4 Nxd5 4. Nf3 g6 5. Bc4 c6 6. O-O Bg7 7. Nc3 O-O 8.
Qe2 Bg4 9. Rd1 Re8 10. Bg5 h6 11. Bh4 Qa5 12. h3 Bf5 13. Qd2 Nxc3 14. bxc3 Nd7
15. Bg3 Rad8 16. Rab1 b5 17. Bd3 Bxd3 18. Qxd3 Nc5 19. Qe3 Na4 20. Rb3 Qa6 21.
Ne5 Bxe5 22. Bxe5 Kh7 23. Qf3 f6 24. Bg3 Rd5 25. Re1 Nb6 26. Rbb1 Nc4 27. Qe4
e6 28. Qe3 Qc8 29. a4 a6 30. axb5 cxb5 31. Bf4 Kg7 32. Ra1 Qc6 33. Qf3 Rc8 34.
Qg4 Re8 35. Qf3 Nd6 36. Bxd6 Qxd6 37. Ra5 Rc8 38. Rea1 Rc6 39. R1a3 e5 40. g3
exd4 41. cxd4 Rxd4 42. Rxa6 Rxa6 43. Qb7+ Qd7 44. Qxd7+ Rxd7 1/2-1/2

[Event "Plzen, JF A"]
[Site "?"]
[Date "1999.??.??"]
[Round "4.9"]
[White "Houska, J."]
[Black "Hejkrlik, F."]
[Result "1/2-1/2"]
[WhiteElo "1805"]
[BlackElo "2003"]
[PlyCount "80"]
[EventDate "1999.??.??"]
[Source "ChessBase"]
[SourceDate "1996.11.15"]

1. d4 d5 2. c4 e6 3. Nc3 Nf6 4. Bg5 c6 5. e3 Nbd7 6. Nf3 Bd6 7. Rc1 O-O 8. Bd3
dxc4 9. Bxc4 b5 10. Bd3 Bb7 11. O-O a6 12. Ne4 Be7 13. Nxf6+ Bxf6 14. Bxf6 Qxf6
15. Qc2 h6 16. Qc3 Rfd8 17. Rfd1 Rac8 18. b4 Ra8 19. Ra1 Rdc8 20. Rdc1 Qd8 21.
e4 a5 22. a3 Ra7 23. Nd2 Nb6 24. Bc2 Rca8 25. Bb3 Nd7 26. e5 Qc7 27. Rab1 axb4
28. axb4 Nb6 29. Ne4 Rd8 30. Ra1 Rxa1 31. Rxa1 Qd7 32. Nd6 Nc8 33. Nxc8 Bxc8
34. Ra8 Qb7 35. Ra1 Qb6 36. Rd1 Bb7 37. h3 Ra8 38. Ra1 Rd8 39. Rd1 Qa7 40. Rd2
Qb6 1/2-1/2

[Event "Plzen, JF A"]
[Site "?"]
[Date "1999.??.??"]
[Round "4.10"]
[White "Flaisigova, P."]
[Black "Decka, E."]
[Result "1/2-1/2"]
[WhiteElo "2006"]
[BlackElo "2083"]
[PlyCount "63"]
[EventDate "1999.??.??"]
[Source "ChessBase"]
[SourceDate "1996.11.15"]

1. e4 c5 2. Nf3 d6 3. d4 cxd4 4. Nxd4 Nf6 5. Nc3 a6 6. Bg5 Nc6 7. Bxf6 gxf6 8.
Qd2 Qb6 9. Nb3 f5 10. Nd5 Qd8 11. exf5 Bxf5 12. O-O-O Bg7 13. Bd3 Bxd3 14. Qxd3
e6 15. Qe2 O-O 16. Nc3 Rc8 17. Rd3 d5 18. Kb1 Ne5 19. Rg3 Qf6 20. Nd2 b5 21.
Re1 Nc4 22. Nxc4 Rxc4 23. Qe5 Kh8 24. Qxf6 Bxf6 25. Nd1 d4 26. Rd3 Rfc8 27. Re2
a5 28. f4 a4 29. Nf2 b4 30. Ne4 Be7 31. b3 axb3 32. axb3 1/2-1/2

[Event "Plzen, JF A"]
[Site "?"]
[Date "1999.??.??"]
[Round "4.11"]
[White "Pribyl, J."]
[Black "Pirklova, H."]
[Result "1/2-1/2"]
[WhiteElo "1914"]
[BlackElo "2067"]
[PlyCount "63"]
[EventDate "1999.??.??"]
[Source "ChessBase"]
[SourceDate "1996.11.15"]

1. e4 e6 2. d4 d5 3. e5 c5 4. c3 Nc6 5. Nf3 Qb6 6. Be2 cxd4 7. cxd4 Nge7 8. Na3
Nf5 9. Nc2 Be7 10. O-O Bd7 11. b3 a5 12. Rb1 a4 13. Be3 Qc7 14. Qd3 O-O 15. g4
Nxe3 16. Nxe3 Nb4 17. Qd2 axb3 18. axb3 Ra2 19. Rb2 Rfa8 20. Rfb1 Qb6 21. Nc2
Rxb2 22. Rxb2 Rc8 23. Nxb4 Bxb4 24. Qe3 Rc3 25. Qg5 Bb5 26. Bxb5 Qxb5 27. Qf4
Qa5 28. Ng5 Rc7 29. Rc2 h6 30. Rxc7 Qxc7 31. Nf3 Be7 32. Qd2 1/2-1/2

[Event "Plzen, JF A"]
[Site "?"]
[Date "1999.??.??"]
[Round "4.12"]
[White "Belan, V."]
[Black "Sedlacek, J."]
[Result "1-0"]
[WhiteElo "1780"]
[BlackElo "1687"]
[PlyCount "57"]
[EventDate "1999.??.??"]
[Source "ChessBase"]
[SourceDate "1996.11.15"]

1. e4 c5 2. Nf3 d6 3. d4 cxd4 4. Nxd4 Nf6 5. Nc3 g6 6. Bc4 Bg7 7. Be3 O-O 8. f3
Nc6 9. Qd2 Bd7 10. O-O-O Qa5 11. h4 Rfc8 12. Bb3 Ne5 13. g4 h5 14. Bg5 Nc4 15.
Bxc4 Rxc4 16. Nb3 Qc7 17. Bxf6 exf6 18. gxh5 Rc8 19. Qxd6 Rxc3 20. bxc3 Qxc3
21. Qd3 Qc7 22. Nd4 Qa5 23. hxg6 Qxa2 24. gxf7+ Kh8 25. Kd2 Bh6+ 26. Ke2 Qa5
27. Rdg1 Rc3 28. Qd2 Bxd2 29. f8=Q+ 1-0

[Event "Plzen, JF A"]
[Site "?"]
[Date "1999.??.??"]
[Round "4.13"]
[White "Soukup, J."]
[Black "Rerabkova, L."]
[Result "1-0"]
[WhiteElo "2084"]
[BlackElo "1791"]
[PlyCount "81"]
[EventDate "1999.??.??"]
[Source "ChessBase"]
[SourceDate "1996.11.15"]

1. e4 c5 2. Nc3 Nc6 3. g3 g6 4. Bg2 Bg7 5. Nge2 Nf6 6. d3 O-O 7. O-O d6 8. f4
e6 9. h3 d5 10. g4 dxe4 11. dxe4 Qc7 12. Be3 Rd8 13. Qe1 Nd4 14. Rc1 Qb6 15. b3
Bd7 16. e5 Ne8 17. Ne4 Bc6 18. g5 Nxe2+ 19. Qxe2 Bxe4 20. Bxe4 Nc7 21. c4 Rd7
22. Qf3 Na6 23. Rb1 Qc7 24. a3 Rad8 25. Rfc1 b6 26. b4 cxb4 27. axb4 Bf8 28. c5
bxc5 29. bxc5 Bxc5 30. Bxc5 Nxc5 31. Rb5 Rd1+ 32. Rxd1 Rxd1+ 33. Qxd1 Nxe4 34.
Rb2 Qc5+ 35. Kg2 Qc6 36. Qf3 Qc4 37. Qd1 Qc6 38. Kh2 Qc3 39. Qd8+ Kg7 {#} 40.
Qf6+ Nxf6 41. exf6+ 1-0

[Event "Plzen, JF A"]
[Site "?"]
[Date "1999.??.??"]
[Round "5.1"]
[White "Juptner, J."]
[Black "Petek, P."]
[Result "1-0"]
[WhiteElo "1967"]
[BlackElo "1898"]
[PlyCount "91"]
[EventDate "1999.??.??"]
[Source "ChessBase"]
[SourceDate "1996.11.15"]

1. d4 d5 2. c4 Nc6 3. Nf3 Bg4 4. cxd5 Bxf3 5. gxf3 Qxd5 6. e3 e5 7. Nc3 Bb4 8.
Bd2 Bxc3 9. bxc3 Qd6 10. Qb3 Nge7 11. Qxb7 Rb8 12. Qa6 O-O 13. Be2 Qg6 14. Qd3
Qg2 15. Rf1 Rfd8 16. h4 f5 17. Bd1 Kh8 18. Ba4 exd4 19. exd4 Ne5 20. Qe2 Nxf3+
21. Kd1 Nxd2 22. Kxd2 Ng6 23. Rfe1 c5 24. Rab1 Rbc8 25. Bd7 Ra8 26. Bxf5 Nxh4
27. Be4 Qg5+ 28. Qe3 Qxe3+ 29. fxe3 Rab8 30. Rxb8 Rxb8 31. dxc5 g5 32. Rb1 Rd8+
33. Ke2 Re8 34. c6 Rxe4 35. c7 Rc4 36. Rb8+ Kg7 37. c8=Q Rxc8 38. Rxc8 Kg6 39.
Ra8 h5 40. Rxa7 Nf5 41. Ra6+ Kg7 42. Ra5 Kg6 43. Rxf5 Kxf5 44. a4 h4 45. a5 h3
46. Kf2 1-0

[Event "Plzen, JF A"]
[Site "?"]
[Date "1999.??.??"]
[Round "5.2"]
[White "Hodova, L."]
[Black "Bernasek, J."]
[Result "0-1"]
[WhiteElo "1852"]
[BlackElo "2080"]
[PlyCount "84"]
[EventDate "1999.??.??"]
[Source "ChessBase"]
[SourceDate "1996.11.15"]

1. e4 d6 2. d4 Nf6 3. Nc3 g6 4. f4 Bg7 5. Nf3 c5 6. dxc5 Qa5 7. Bd3 Qxc5 8. Qe2
O-O 9. Bd2 a6 10. O-O-O e6 11. h3 b5 12. e5 dxe5 13. Nxe5 Bb7 14. Rhf1 Nbd7 15.
Be3 Qc7 16. Nxd7 Nxd7 17. Ne4 Bd5 18. a3 b4 19. axb4 a5 20. Kd2 Bxb2 21. Ke1
axb4 22. Kf2 f5 23. Ng5 Nc5 24. Bxc5 Qxc5+ 25. Kg3 Rae8 26. Nf3 Qc7 27. Ne5
Bxe5 28. Qxe5 Qxe5 29. fxe5 Rc8 30. Kh2 Rc3 31. Rf4 Rb8 32. g4 b3 33. cxb3
Rbxb3 34. Rd4 Rb2+ 35. Kg1 Rg2+ 36. Kf1 Rh2 37. gxf5 Rh1+ 38. Ke2 Bf3+ 39. Kxf3
Rxd1 40. Ke2 Rdxd3 41. Rxd3 Rxd3 42. Kxd3 gxf5 0-1

[Event "Plzen, JF A"]
[Site "?"]
[Date "1999.??.??"]
[Round "5.3"]
[White "Kaderka, R."]
[Black "Konigova, P."]
[Result "1-0"]
[WhiteElo "2160"]
[BlackElo "2061"]
[PlyCount "81"]
[EventDate "1999.??.??"]
[Source "ChessBase"]
[SourceDate "1996.11.15"]

1. c4 e5 2. Nc3 Nc6 3. g3 d6 4. Bg2 Be6 5. d3 Qd7 6. f4 g6 7. Nf3 Bh3 8. O-O
Bxg2 9. Kxg2 Bg7 10. Nd5 Nge7 11. Rb1 f5 12. b4 O-O 13. Qa4 Rae8 14. e3 Nxd5
15. cxd5 Nb8 16. Qxa7 Qb5 17. fxe5 dxe5 18. Qc5 Qxd3 19. Rb3 Qe4 20. b5 Nd7 21.
Qxc7 Qxd5 22. Ba3 Rc8 23. Qd6 Rc2+ 24. Rf2 Qxd6 25. Bxd6 Rfc8 26. Ne1 Rxf2+ 27.
Kxf2 Nc5 28. Bxc5 Rxc5 29. a4 b6 30. a5 bxa5 31. b6 Rc8 32. b7 Rb8 33. Nd3 a4
34. Rb5 a3 35. Nb4 Kf7 36. Ke2 Ke8 37. Kd2 Kd7 38. Kc2 e4 39. Kb3 Kd6 40. Na6
Kc6 41. Nxb8+ 1-0

[Event "Plzen, JF A"]
[Site "?"]
[Date "1999.??.??"]
[Round "5.4"]
[White "Buldrova, M."]
[Black "Blecha, M."]
[Result "0-1"]
[WhiteElo "2129"]
[BlackElo "2194"]
[PlyCount "58"]
[EventDate "1999.??.??"]
[Source "ChessBase"]
[SourceDate "1996.11.15"]

1. c4 e5 2. Nc3 f5 3. g3 Nf6 4. Bg2 Bb4 5. e3 Bxc3 6. bxc3 Nc6 7. Ne2 O-O 8.
O-O d6 9. d4 Qe8 10. Bd2 e4 11. Nf4 Na5 12. Nd5 Nxd5 13. cxd5 Qb5 14. Qc2 Qxd5
15. f3 Re8 16. fxe4 fxe4 17. Rf4 Bf5 18. Bf1 Bg6 19. c4 Qh5 20. c5 Nc6 21. Qb3+
d5 22. Qxb7 Ne7 23. Rb1 c6 24. Be1 Bf5 25. Rb2 Bg4 26. h3 Be6 27. g4 Qh6 28.
Bd2 Qh4 29. Be1 Qxe1 0-1

[Event "Plzen, JF A"]
[Site "?"]
[Date "1999.??.??"]
[Round "5.5"]
[White "Balin, J."]
[Black "Balin, K."]
[Result "0-1"]
[WhiteElo "1895"]
[BlackElo "1958"]
[PlyCount "117"]
[EventDate "1999.??.??"]
[Source "ChessBase"]
[SourceDate "1996.11.15"]

1. Nf3 Nf6 2. d3 d5 3. Nbd2 Bf5 4. c3 Nbd7 5. Qa4 c6 6. g3 e5 7. Bg2 Bd6 8. O-O
O-O 9. Re1 h6 10. e4 dxe4 11. dxe4 Bh7 12. b4 Qe7 13. Nh4 a5 14. bxa5 b5 15.
Qc2 Rxa5 16. c4 Rfa8 17. Nf5 Qf8 18. Nb3 Ra4 19. cxb5 cxb5 20. Rd1 Bc5 21. Qe2
Qb8 22. Kh1 Bxf5 23. exf5 e4 24. Nxc5 Nxc5 25. Bf4 Qe8 26. Qe3 Nd3 27. Rxd3
exd3 28. Bxa8 Qxa8+ 29. Kg1 Nd5 30. Qxd3 Nxf4 31. gxf4 Rxf4 32. Qg3 Qe4 33. h3
Rxf5 34. Kh2 Rg5 35. Qb8+ Kh7 36. Rg1 Re5 37. Rg3 Rf5 38. Qa7 h5 39. a3 Qf4 40.
Kg1 Qc1+ 41. Kg2 Qc6+ 42. Kg1 Rc5 43. Kh2 Rc1 44. Rg1 Qd6+ 45. Kh1 Qd5+ 46. Kh2
Qe5+ 47. Kh1 Qe4+ 48. Kh2 Qf4+ 49. Kh1 Rc3 50. Rg3 Rxg3 51. fxg3 Qxg3 52. Qxf7
Qxh3+ 53. Kg1 Qg4+ 54. Kh1 h4 55. Qd5 h3 56. Qd3+ g6 57. Qd2 Qg2+ 58. Qxg2
hxg2+ 59. Kxg2 0-1